Los sobrevivientes
সংরক্ষণ করুন:
| প্রধান লেখক: | |
|---|---|
| বিন্যাস: | গ্রন্থ |
| ভাষা: | স্প্যানিশ |
| প্রকাশিত: |
San Salvador
Ministerio de Educación
1980
|
| বিষয়গুলি: | |
| ট্যাগগুলো: |
ট্যাগ যুক্ত করুন
কোনো ট্যাগ নেই, প্রথমজন হিসাবে ট্যাগ করুন!
|
MARC
| LEADER | 00000nam a2200000 a 4500 | ||
|---|---|---|---|
| 001 | UCT6513 | ||
| 003 | CL-VaPUC | ||
| 008 | 970113e19800000ES |||||||||||||||||spa|d | ||
| 082 | 0 | 4 | |a Sa863 |b ESC |2 21 |
| 100 | 0 | |a Escobar Galindo, David |e author |9 376714 | |
| 245 | 1 | 4 | |a Los sobrevivientes |
| 300 | |a 131 p | ||
| 942 | |c BK | ||
| 945 | |d 19970113 00:00:00 |a nastorga | ||
| 260 | |a San Salvador |b Ministerio de Educación |c 1980 | ||
| 650 | 7 | |a NOVELAS SALVADOREÑAS |2 CL-VaPUC |9 376715 | |
| 583 | |a last modification |c 19970113 00:00:00 |k Rodrigo Vera | ||
| 999 | |c 255207 |d 255205 | ||
| 952 | |0 0 |1 0 |4 0 |6 SA_863_000000000000000_ESC_1980 |7 0 |8 A |9 277340 |a BIBEDU |b BIBEDU |d 2019-11-19 |i 3270130 |o Sa863 ESC 1980 |p 3270130 |r 2019-11-19 |w 2019-11-19 |y BK |k LIT | ||